| 000 | 01027nam a2200313 i 4500 | ||
|---|---|---|---|
| 003 | EG-GICUC | ||
| 005 | 20260121095905.0 | ||
| 008 | 250811t1970 fr |||f ||| 001 0 fre d | ||
| 040 |
_aEG-GiCUC _bfre _cEG-GiCUC _dEG-GiCUC _eRda |
||
| 041 | 0 | _afre | |
| 082 | 0 | 4 |
_a343.3721 _bCH . C _221 |
| 099 | _aLaw1 10 343.3721 CH . C 2 ed - 1970 1000072 | ||
| 100 | 1 |
_aChapar, Fernand _eAuteur |
|
| 245 | 1 | 3 |
_aLa Cour d'assises / _cPar Fernand Chapar, préface de Maurice Aydalot. |
| 250 | _aDeuxiéme édition | ||
| 264 | 4 |
_aParis : _bDalloz, _c1970. |
|
| 300 |
_avii, 379 Pages : _c23 cm. |
||
| 336 |
_2rda contenu _a texte |
||
| 337 |
_2rda medias _aOrdinateur |
||
| 338 |
_2 transporteur rda _a Ressource en ligne |
||
| 490 | 0 | _aManuel Dalloz de droit usuel. | |
| 546 | _aTexte en français | ||
| 650 | 0 | 4 | _aDroit pénal |
| 700 | 1 |
_aAydalot, Maurice _eCo-Auteur |
|
| 830 | _aManuel Dalloz de droit usuel. | ||
| 856 | 4 | 0 | _uhttps://fll.law.cu.edu.eg/fulltext/bks/B10-00072.pdf |
| 905 | _aRamy | ||
| 942 |
_2ddc _cBK _e21 _n0 |
||
| 999 |
_c15763 _d15763 |
||